000 00290nam a22001337a 4500
008 221118b ||||| |||| 00| 0 eng d
041 _aeng
080 _a94
082 _a94 SOM
100 _a28
101 _aHIS
245 _aATOMBAU UND SPEKTRALLINIEN
_cSOMMERFELD A
942 _2udc
_cBK
999 _c58949
_d58949